000 00751nam a22002897a 4500
001 BR8900178
003 BR-BrBNA
005 20230928093123.0
007 ta
008 230509b bl.||||| |||| 00| 0 por d
040 _aBR-BrBNA
_bpor
_cBiblioteca Nacional de Agricultura
041 _a(Por)
072 _aE14
_b/G514
090 _ E14 BR8900178
100 1 _aSantos, W.H. dos
245 1 _aBelterra e Fordlandia - um retrocesso no caminho da emancipacao
260 3 _aBelem, PA (Brasil):
_c1986.
300 _a39 p.
500 _a5 tables
650 _aPROJETO AGRICOLA
650 _aDESENVOLVIMENTO RURAL
650 _aPECUARIA
650 _aHEVEICULTURA
650 _aPARA
909 _a202309
_bLucia
_c55
_dLucia Elande
942 _cBK
999 _c43111
_d43111